| 000 | 02270cam a22006374i 4500 | ||
|---|---|---|---|
| 003 | PE-LiUPU | ||
| 005 | 20250731170453.0 | ||
| 008 | 150706s2010 pe rb 000 0 d | ||
| 020 | _a9789972570070 | ||
| 035 | _a(Sirsi) i9789972570070 | ||
| 040 |
_aPE-LiUPU _bspa _cPE-LiUPU _erda |
||
| 049 | _aPRUA | ||
| 082 | 0 | 4 |
_a174 _bS31 _221 |
| 100 | 1 |
_aSchmidt, Eduardo, _eautor. |
|
| 245 | 1 | 0 |
_aMoralización a fondo : _bun aporte a la luz de la teoría del desarrollo humano de James W. Fowler / _cEduardo Schmidt. |
| 250 | _a2a | ||
| 264 | 1 |
_aLima : _bUniversidad del Pacífico, _c2010. |
|
| 300 |
_a337 páginas ; _c21 cm. |
||
| 336 |
_atext _2rdacontent |
||
| 337 |
_aunmediated _2rdamedia |
||
| 338 |
_avolume _2rdacarrier |
||
| 504 | _aIncluye bibliografía. | ||
| 505 | 0 | _aLa teoría del desarrollo humano de James W. Fowler -- Un análisis del comportamiento ético de los profesionales en las ciencias económicas y administrativas a la luz de la teoría del desarrollo humano de James W. Fowler -- La enseñanza interactiva: una nueva metodología pedagógica -- Observaciones sobre el contenido de un curso de moral profesional. | |
| 526 | _aSEG68 | ||
| 526 | _aSEG70 | ||
| 526 | _aSEG69 | ||
| 526 | _aSEG67 | ||
| 526 | _aSEG43 | ||
| 526 | _aP144 | ||
| 526 | _aP143 | ||
| 526 | _aP131 | ||
| 526 | _aP122 | ||
| 526 | _aP120 | ||
| 526 | _aP117 | ||
| 526 | _aP112 | ||
| 526 | _aP110 | ||
| 526 | _aP106 | ||
| 526 | _aP101 | ||
| 526 | _aP80 | ||
| 526 | _aP59 | ||
| 526 | _aP54 | ||
| 526 | _aP35 | ||
| 526 | _aP33 | ||
| 526 | _aP30 | ||
| 541 | _g202-0001278; | ||
| 600 | 1 |
_aFowler, James W. _d1940- |
|
| 650 | 0 | 4 |
_aEtica Profesional. _92497 |
| 650 | 0 | 4 |
_aConducta de vida. _9973 |
| 651 | _aEconomistas. | ||
| 910 |
_agl _bjv _clch _d20111211 |
||
| 942 |
_2ddc _cBOOK |
||
| 949 |
_a174 S31 _wDEWEY _c1 _i64144 _lCCODEBUL1 _mBUL _p16.00 _r0 _sY _tBOOK _u2015-7-6 _xFCE _PP04 _o.STAFF. Colección General |
||
| 994 |
_aC0 _bPEPRU |
||
| 596 | _a1 | ||
| 999 |
_a174 S31 _wDEWEY _c52976 _i64144 _d52976 _e2018-5-2 _f2021-11-4 _g6 _lCCODEBUL1 _mBUL _n1 _p16.00 _r0 _sY _tBOOK _u2015-7-6 _xBIBLIOTECA _PP04 _0COMPRA _o.STAFF. Colección General |
||
| 980 |
_81 _gALBERTO SANCHEZ Responsable de Automatización |
||